| LEADER |
00920nam0a2200217 450 |
| 001 |
16847080 |
| 010 |
|
|
|a 978-2-36474-327-4
|b br.
|d 9,9
|
| 100 |
|
|
|a 20131106d2013 u u0frey01 ba
|
| 101 |
0 |
|
|a fre
|
| 102 |
|
|
|a FR
|
| 200 |
0 |
|
|a porte rouge (La)
|f Valentine Goby
|g photographies de Hortense Vinet
|
| 207 |
|
1 |
|a
|
| 210 |
|
|
|a [Paris]
|c T. Magnier
|d 2013
|
| 215 |
|
|
|a 1 vol. (84 p.)
|c illustrations en couleur
|d 16 cm
|
| 225 |
1 |
|
|a Photoroman
|x 1954-8850
|
| 330 |
|
|
|a Dora a décidé de rester cloîtrée chez elle, tant qu'elle ne pourra pas sortir en jupe sans se faire insulter. Charlie, lui, passe ses soirées au pied de l'immeuble. Ces deux-là vont finir par se croiser.
|
| 700 |
|
0 |
|a Goby
|b Valentine
|f 1974-....
|4 70
|
| 702 |
|
0 |
|a Vinet
|b Hortense
|4 600
|
| 900 |
|
|
|a Roman Jeunesse
|
| 901 |
|
|
|a Accessible au prêt
|
| 995 |
|
|
|a Bibliothèque
|c Bibliothèque
|f 00156010087179
|h 00156010087179
|k J GOB
|o p
|q j
|r az
|e Bibliothèque
|